000 00282nam a22001337a 4500
008 170630b xxu||||| |||| 00| 0 eng d
020 _a9780130547903
041 _aeng
080 _a82
100 _a22
101 _aGJL
245 _aLITERATURE
_cPRENTICE HALL
942 _2udc
_cBK
999 _c19809
_d19809